Statistics for Daily Country Riddle #133

Click here to take the quiz!

General Stats

  • This quiz has been taken 65 times
  • The average score is 13 of 15

Answer Stats

TypeAnswer% Correct
Found LetterA
100%
Found LetterI
95%
Found LetterL
95%
Correctly Placed LetterA
93%
Found LetterA
93%
Correctly Placed LetterI
93%
Found LetterM
93%
Correctly Placed LetterA
88%
Found LetterO
85%
Found LetterS
81%
Correctly Placed LetterM
78%
Correctly Placed LetterO
78%
Correctly Placed LetterS
76%
Correctly Placed LetterL
75%
Mystery CountrySomalia
75%

Score Distribution

Percentile by Number Answered

Percent of People with Each Score

Your Score History

You have not taken this quiz